006100000a220012100045001000033000002450101000332600025001343000012001595000057001715020070002285200185002980010005004831 aGallego Cano, Carmen Eugenia10aPosibilidades actuales para el ministerio pastoral "laico" a la luz de la eclesiologia bíblica aMedellín, Colombia a100 Pag aTesis (licenciatura) Seminario Bíblico de Colombia amonitor: Manuel Reaño; Jurado: Theo Donner; Jurado: Jaime Ortiz a- El ministerio pastoral a la luz del Nuevo Testamento - El ministerio pastoral contemporaneo: desarrollo y caracteristicas - Un modelo alternativo: el ministerio pastoral "Laico"3281